00322pab a2200121 454500008004000000100001800040245006800058260000900126300001500135362000800150650002600158773001600184180718b2011 xxu||||| |||| 00| 0 eng d aNjoh, Ambe J. aCitizen participation and sustainability: Lessons from Cameroon c2011 ap.376-383. aSep aWorkers participation aDevelopment